01066cam a2200253 a 450000100100000000500170001000800410002702000150006803500240008304000180010705000230012508200140014810000420016224501260020426000460033030000280037649000500040450400730045465100670052765100560059465100610065065100500071183000510076100001444520200929163843.0010508s2000 ck a b f000 0 spa  a9588052564 a(BoCbEI)la0101M0388 aDO-SdBNPcDLC00aF2291.M4bB58 2000 aNNbB562m1 aBetancur Gómez, Jorge Mario,d1964-10aMoscas de todos los colores :bhistoria del barrio de Guayaquil en Medellín, 1894-1934 /cJorge Mario Betancur Gómez. aColombia :bMinisterio de Cultura,c2000. a482 p. :bil. ;c21 cm.1 aPremios nacionales de cultura, 1998aHistoria aIncluye bibliografía: (p. 467-476) y nota al pie de las páginas. 0aGuayaquil (Medellin, Colombia{Rpara}xSocial Life And Customs. 0aMedellin (Colombia{Rpara}xSocial Life And Customs. 0aGuayaquil (Medellin, Colombia{Rpara}xSocial Conditions. 0aMedellin (Colombia{Rpara}xSocial Conditions. 0aPremios nacionales de cultura, 1998,pHistoria